00397nam a2200097Ia 4500008004100000040002900041050002700070100002600097245015500123260002100278230222s9999||||xx |||||||||||||| ||und|| cChuka University Library aTHE LB 2342 bN58 2015 aMiriti, Justine Majau 0aChallenges faced by deputy headteachers in secondary school administration and the strategies they use to tackle them in Imenti South District, Kenya. aCUCbChukac2015